000 00871nam a2200253Ia 4500
999 _c5344
_d5344
003 OSt
005 20200608160559.0
008 191128s2005 ck fr 000 0 spa d
020 _a9586826031
040 _aCO-JMCR
_cCO-JMCR
041 0 _aspa
082 0 4 _a330.0151 /
_bE716e
_223
100 1 _aEscobar Uribe, Diego,
_eautor
_95196
245 1 0 _aEconomía matemática /
_cDiego Escobar Uribe
250 _a2a. Edición
260 _aBogotá :
_bUniversidad de los Andes : Alfaomega,
_c2005
300 _avi, 301 páginas ;
_c24 cm.
504 _aBibliográfia: páginas 295-298
505 0 _aAnálisis convexo -- Aplicaciones económicas -- Ecuaciones diferenciales -- Ecuaciones en diferencia -- Optimización dinámica
650 1 4 _aEconomía matemática
_95197
650 1 4 _aAnálisis económico
_91810
650 1 4 _aEconometría
_95198
942 _2ddc
_cBK